The Sun of Freedom: (Record no. 182134)
[ view plain ]
| 000 -LEADER | |
|---|---|
| fixed length control field | 00670nam a22001937a 4500 |
| 005 - DATE AND TIME OF LATEST TRANSACTION | |
| control field | 20211026141823.0 |
| 010 ## - LCCN (DPL NO) | |
| LC control number | ENG-130074 |
| 020 ## - INTERNATIONAL STANDARD BOOK NUMBER | |
| International Standard Book Number | 978-93-89624-41-0 |
| Terms of availability | 299.00 |
| 035 ## - SYSTEM CONTROL NUMBER | |
| System control number | EN-113606 |
| 037 ## - SOURCE OF ACQUISITION | |
| Source of stock number/acquisition | DBAD/PUB |
| 082 ## - DEWEY DECIMAL CLASSIFICATION NUMBER | |
| Classification number | N |
| 100 ## - MAIN ENTRY--PERSONAL NAME | |
| Personal name | Naikar, Basavaraj |
| 245 ## - TITLE STATEMENT | |
| Title | The Sun of Freedom: |
| Remainder of title | (A Historical Novel About the 1857-58 Mutiny at Naragund)/ |
| Statement of responsibility, etc | by Basavaraj Naikar |
| 250 ## - EDITION STATEMENT | |
| Edition statement | 2020 |
| 260 ## - PUBLICATION, DISTRIBUTION, ETC. (IMPRINT) | |
| Name of publisher, distributor, etc | Vishwakarma Publications |
| Date of publication, distribution, etc | 2020 |
| Place of publication, distribution, etc | Maharashtra |
| 270 ## - ADDRESS | |
| Address | 34A/1, Suyog Center, 7th floor, Gultekedi Marketyard Road, Giridhar Bhavan Chowk, |
| Postal code | 411037 |
| City | Pune |
| Electronic mail address | info@vpindia.co.in |
| Telephone number | 9168682200 |
| 300 ## - PHYSICAL DESCRIPTION | |
| Extent | 240p. |
| Dimensions | 22cm (pbk) |
| 942 ## - ADDED ENTRY ELEMENTS (KOHA) | |
| Source of classification or shelving scheme | Dewey Decimal Classification |
| Item type | English Books |
| Classification part | N |
| Call number suffix | nai |
| Withdrawn status | Lost status | Not for loan | Collection code | Home library | Current library | Date acquired | Source of acquisition | Cost, normal purchase price | Full call number | Barcode | Copy number | Cost, replacement price | Koha item type |
|---|---|---|---|---|---|---|---|---|---|---|---|---|---|
| Fiction | Mobile Library | Mobile Library | 26/10/2021 | dbadpub | 299.00 | N nai | EN-113606 | 1 | 299.00 | English Books |
